The theology of the Christian life in J. I. Packer's thought: theological anthropology, theological method, and the doctrine of sanctification
| Main Author: | |
|---|---|
| Format: | Print Book |
| Language: | English |
| Subito Delivery Service: | Order now. |
| Check availability: | HBZ Gateway |
| WorldCat: | WorldCat |
| Interlibrary Loan: | Interlibrary Loan for the Fachinformationsdienste (Specialized Information Services in Germany) |
| Published: |
Milton Keynes [u.a.]
Paternoster
2006
|
| In: | Year: 2006 |
| Series/Journal: | Studies in evangelical history and thought
|
| Standardized Subjects / Keyword chains: | B
Packer, James I. 1926-2020
/ Theology
B Packer, James I. 1926-2020 / Holiness / Evangelical theology B Holiness / Evangelical theology |
| Further subjects: | B
Packer
J. I.
James Innell
B Packer, J. I (James Innell) B Sanctification Christianity B Evangelicalism |
| Online Access: |
Cover (Publisher) Table of Contents Blurb (Publisher) |
MARC
| LEADER | 00000cam a2200000 c 4500 | ||
|---|---|---|---|
| 001 | 1619508397 | ||
| 003 | DE-627 | ||
| 005 | 20251225201538.0 | ||
| 007 | tu | ||
| 008 | 090513s2006 xxk||||| 00| ||eng c | ||
| 016 | 7 | |a b903411 |2 UK | |
| 020 | |a 9781842273975 |9 978-1-84227-397-5 | ||
| 020 | |a 1842273973 |c (pbk) pbk |9 1-84227-397-3 | ||
| 035 | |a (DE-627)1619508397 | ||
| 035 | |a (DE-576)306509040 | ||
| 035 | |a (DE-599)BSZ306509040 | ||
| 035 | |a (OCoLC)698895808 | ||
| 035 | |a (OCoLC)698895808 | ||
| 040 | |a DE-627 |b ger |c DE-627 |e rakwb | ||
| 041 | |a eng | ||
| 044 | |c XA-GB | ||
| 082 | 0 | |a 234.9 | |
| 084 | |a 1 |2 ssgn | ||
| 100 | 1 | |a Payne, Don J. |4 aut | |
| 245 | 1 | 4 | |a The theology of the Christian life in J. I. Packer's thought |b theological anthropology, theological method, and the doctrine of sanctification |c Don J. Payne |
| 264 | 1 | |a Milton Keynes [u.a.] |b Paternoster |c 2006 | |
| 300 | |a XVIII, 321 S. |c 23cm | ||
| 336 | |a Text |b txt |2 rdacontent | ||
| 337 | |a ohne Hilfsmittel zu benutzen |b n |2 rdamedia | ||
| 338 | |a Band |b nc |2 rdacarrier | ||
| 490 | 0 | |a Studies in evangelical history and thought | |
| 500 | |a Includes bibliographical references and index | ||
| 583 | 1 | |a Archivierung prüfen |c 20200919 |f DE-640 |z 1 |2 pdager | |
| 583 | 1 | |a Archivierung/Langzeitarchivierung gewährleistet |f SSG |x XA-DE-BW |2 pdager |5 DE-21 | |
| 600 | 1 | 4 | |a Packer |x J. I. |x James Innell |
| 601 | |a Theologe | ||
| 601 | |a Anthropologie | ||
| 601 | |a doctrina | ||
| 650 | 4 | |a Sanctification |x Christianity | |
| 650 | 4 | |a Evangelicalism | |
| 653 | |a Packer, J. I |a (James Innell) | ||
| 689 | 0 | 0 | |d p |0 (DE-588)119511606 |0 (DE-627)080327591 |0 (DE-576)164186980 |2 gnd |a Packer, James I. |d 1926-2020 |
| 689 | 0 | 1 | |d s |0 (DE-588)4059758-1 |0 (DE-627)104131446 |0 (DE-576)209132159 |2 gnd |a Theologie |
| 689 | 0 | |5 (DE-627) | |
| 689 | 1 | 0 | |d p |0 (DE-588)119511606 |0 (DE-627)080327591 |0 (DE-576)164186980 |2 gnd |a Packer, James I. |d 1926-2020 |
| 689 | 1 | 1 | |d s |0 (DE-588)4135542-8 |0 (DE-627)105664340 |0 (DE-576)209661631 |2 gnd |a Heiligung |
| 689 | 1 | 2 | |d s |0 (DE-588)4193485-4 |0 (DE-627)10522670X |0 (DE-576)210087811 |2 gnd |a Evangelikale Theologie |
| 689 | 1 | |5 (DE-627) | |
| 689 | 2 | 0 | |d p |0 (DE-588)119511606 |0 (DE-627)080327591 |0 (DE-576)164186980 |2 gnd |a Packer, James I. |d 1926-2020 |
| 689 | 2 | 1 | |d s |0 (DE-588)4059758-1 |0 (DE-627)104131446 |0 (DE-576)209132159 |2 gnd |a Theologie |
| 689 | 2 | |5 (DE-627) | |
| 689 | 3 | 0 | |d s |0 (DE-588)4135542-8 |0 (DE-627)105664340 |0 (DE-576)209661631 |2 gnd |a Heiligung |
| 689 | 3 | 1 | |d s |0 (DE-588)4193485-4 |0 (DE-627)10522670X |0 (DE-576)210087811 |2 gnd |a Evangelikale Theologie |
| 689 | 3 | |5 (DE-627) | |
| 856 | 4 | 2 | |u https://swbplus.bsz-bw.de/bsz306509040inh.htm |m B:DE-576;DE-21 |q application/pdf |v 20100608104933 |x Verlag |3 Inhaltsverzeichnis |7 1 |
| 856 | 4 | 2 | |u https://swbplus.bsz-bw.de/bsz306509040kla.htm |m B:DE-576;DE-21 |q application/pdf |v 20100608104933 |x Verlag |3 Klappentext |7 1 |
| 856 | 4 | 2 | |u http://ecx.images-amazon.com/images/I/413AXQB547L._SL500_AA300_.jpg |x Verlag |y Cover |3 Cover |7 1 |
| 889 | |w (DE-627)824352726 | ||
| 889 | |w (DE-627)589878565 | ||
| 935 | |a mteo | ||
| 935 | |i mdedup | ||
| 951 | |a BO | ||
| ELC | |b 1 | ||
| ITA | |a 1 |t 1 | ||
| LOK | |0 000 xxxxxcx a22 zn 4500 | ||
| LOK | |0 001 3225372293 | ||
| LOK | |0 003 DE-627 | ||
| LOK | |0 004 1619508397 | ||
| LOK | |0 005 20100527101842 | ||
| LOK | |0 008 090513||||||||||||||||ger||||||| | ||
| LOK | |0 040 |a DE-21 |c DE-627 |d DE-21 | ||
| LOK | |0 852 |a DE-21 | ||
| LOK | |0 852 1 |c 50 A 4901 |9 00 | ||
| LOK | |0 935 |a theo | ||
| LOK | |0 936ln |a t5 | ||
| LOK | |0 938 |a 1005 |f 2 | ||
| LOK | |0 939 |a 13-05-09 |b l01 | ||
| ORI | |a SA-MARC-ixtheoa001.raw | ||
| STA | 0 | 0 | |a Evangelical theology,Holiness,Sanctification,Theology,Theology |
| STB | 0 | 0 | |a Sanctification,Théologie évangélique,Théologie,Théologie |
| STC | 0 | 0 | |a Santificación,Teología evangelical,Teología,Teología |
| STD | 0 | 0 | |a Santificazione,Teologia evangelicale,Teologia,Teologia |
| STE | 0 | 0 | |a 圣洁,圣化,神学家,福音派神学,福音神学 |
| STF | 0 | 0 | |a 神學家,福音派神學,福音神學,聖潔,聖化 |
| STG | 0 | 0 | |a Santificação,Teologia evangelical,Teologia,Teologia |
| STH | 0 | 0 | |a Богословие (мотив),Богословие,Евангельское богословие,Освящение |
| STI | 0 | 0 | |a Ευαγγελική θεολογία,Θεολογία (μοτίβο),Θεολογία,Καθαγιασμός |
| SYG | 0 | 0 | |a Packer, James Innell,1926-2020,Innell Packer, James,1926-2020,Packer, J. I.,1926-2020,Packer, Jim,1926-2020 , Christliche Theologie , Packer, James Innell,1926-2020,Innell Packer, James,1926-2020,Packer, J. I.,1926-2020,Packer, Jim,1926-2020 , Wachstum im Glauben,Glaubenswachstum,Geistliches Wachstum,Spirituelles Wachstum,Spiritual growth , Packer, James Innell,1926-2020,Innell Packer, James,1926-2020,Packer, J. I.,1926-2020,Packer, Jim,1926-2020 , Christliche Theologie , Wachstum im Glauben,Glaubenswachstum,Geistliches Wachstum,Spirituelles Wachstum,Spiritual growth |